00415 a2200145 4500003000400000005001700004008004100021020001800062040000900080082001700089100001600106245010500122260003300227300000900260OSt20231123153825.0231123b |||||||| |||| 00| 0 eng d a9789353165482 coclc a541.3bKAP/T aKapoor, K L aA Textbook of physical chemistry volume 7:bexperimental aspects in physical chemistry /cK L Kapoor aChennai:bMcgrawhill,c2019. a287p